• Aduarte, Diego,

di Personal Name

Records bibliografici associati: 1

001 - CONTROL NUMBER

  • control field: 52016

003 - CONTROL NUMBER IDENTIFIER

  • control field: IT-RoINE

005 - DATE AND TIME OF LATEST TRANSACTION

  • control field: 20180906061724.0

008 - FIXED-LENGTH DATA ELEMENTS

  • fixed length control field: 180906|| aca||aabn | a|a d

040 ## - CATALOGING SOURCE

  • Original cataloging agency: IT-RoINE
  • Transcribing agency: IT-RoINE

100 ## - HEADING--PERSONAL NAME

  • Personal name: Aduarte, Diego,
  • Titles and other words associated with a name: Obispo de Nueva Segovia,
  • Dates associated with a name: 1569-1636

670 ## - SOURCE DATA FOUND

  • Source citation: Work cat.: (IT-RoINE)0: Aduarte, Diego, Obispo de Nueva Segovia, 1569-1636, Historia de la Provincia del Santo Rosario de la Orden de Predicadores en Filipinas, Japón y China /, 1962-1963.